000 00704pam a2200241 a 4500
001 3805392
003 OSt
005 20231120153333.0
008 850703s1986 stkaf 001 0 eng c
010 _a 85016680
020 _a0443047049
040 _aDNLM/DLC
_cDLC
_dDLC
050 1 0 _aRT65
_b.T66 1995
245 1 0 _aToohey's Medicine :
_ba textbppk for health care professions/
_cedited by Stephen K. Bloom
250 _a15th ed. /
260 _aEdinburgh ;
_aNew York :
_bChurchill Livingstone,
_c1995
300 _aix, 377p.
500 _aIncludes index.
650 0 _aMedicine.
740 0 _aMedicine for Nurses.
906 _a7
_bcbc
_corignew
_d1
_eocip
_f19
_gy-gencatlg
942 _2lcc
_cBK
999 _c20399
_d20398